<?xml version="1.0" encoding="UTF-8"?>
<marc:record xmlns:marc="http://www.loc.gov/MARC21/slim">
   <marc:leader>00000nam a2200000 a 4500</marc:leader>
   <marc:datafield ind1="1" ind2=" " tag="100">
      <marc:subfield code="a">Reichart, Ottilie</marc:subfield>
      <marc:subfield code="4">aut</marc:subfield>
      <marc:subfield code="e">Verfasser/-in</marc:subfield>
   </marc:datafield>
   <marc:datafield ind1="0" ind2="0" tag="245">
      <marc:subfield code="a">Inklusion in der Bücherei</marc:subfield>
   </marc:datafield>
   <marc:datafield ind1="0" ind2="0" tag="245">
      <marc:subfield code="c">Ottilie Reichart</marc:subfield>
   </marc:datafield>
   <marc:datafield ind1=" " ind2="1" tag="264">
      <marc:subfield code="a">Kramsach</marc:subfield>
      <marc:subfield code="b">Bücherei Kramsach</marc:subfield>
      <marc:subfield code="c">2025</marc:subfield>
   </marc:datafield>
   <marc:datafield ind1="1" ind2=" " tag="490">
      <marc:subfield code="a">EA-Kurs 165</marc:subfield>
   </marc:datafield>
   <marc:datafield ind1="1" ind2=" " tag="520">
      <marc:subfield code="a">Zielgruppe für dieses Projekt waren zwei Klassen der Landessonderschule Mariatal mit insgesamt 15 Schüler: innen, um die öffentliche Bücherei kennen zu lernen und die vielfältigen Angebote weiterhin zu nutzen. Dazu fanden regelmäßige Gruppen - und Einzeltermine statt, die sich über das Schuljahr 2024/25 erstreckten. Ein Mädchen entschied sich, ihre &#x84;Schnupperwoche&#x93; in der Bücherei zu absolvieren.</marc:subfield>
   </marc:datafield>
   <marc:datafield ind1=" " ind2=" " tag="041">
      <marc:subfield code="a">ger</marc:subfield>
   </marc:datafield>
   <marc:datafield ind1=" " ind2=" " tag="300">
      <marc:subfield code="a">6 Seiten</marc:subfield>
   </marc:datafield>
</marc:record>
